000 00893nam0a2200241 4500
001 RU\NLR\BIBL_A\011221099
005 20260405165445.0
035 _a(NLR Aleph) 011221099
090 _a12025427
_c12025427
100 _a20160929d1937 |||y0rusy50 ca
101 1 _achv
_ctat
102 _aRU
105 _ay z 000 y
200 1 _aСенкер шел
_eпилек пайла мелодрама
_fКерим Тенчурин (!)
_gтутар. Мих. Белов куҫ.
210 _aШупашкар
_cЧӑваш. патшалӑх изд-ви
_d1937
215 _a106, [1] с.
_d15
541 1 _aГолубая шаль
_zrus
686 1 _aШ6(2=Чув)-91Тат7-6
700 1 _4070
_8rus
_7ca
_aТинчурин
_bК. Г.
_f1887-1938
_gКарим Галиевич
_3RU\NLR\AUTH\7771364
_954292
852 _aNLR
_bОНЛ
_jЧув./1-21
942 _cBOOK
980 _aNB